000 00582nam a2200217Ia 4500
008 101110s9999 xx 000 0 und d
041 _aENGLISH
082 _bSR30984
100 _aGhadially Rehana (Ed.)
245 _aUrban women in contemporary India a reader
260 _c2007
_bSagar Publications,New delhi
300 _a372
365 _b595
520 _aEnglish
546 _aENGLISH
630 _aUrban women in contemporary India a reader
650 _aEnglish
655 _aEnglish
730 _aUrban women in contemporary India a reader
942 _cBOOK
999 _c823487
_d823484